Papa aleatorio por número - Estadísticas

Estadísticas generales
  • Esta prueba ha sido intentada 222 veces
  • La puntuación promedio es 11 de 20
Estadísticas de respuestas
Número Papa % Correcto
169 Adriano IV
100%
186 Adriano V
100%
168 Anastasio IV
100%
55 Bonifacio II
100%
183 Clemente IV
100%
238 Clemente IX
100%
243 Clemente XI
100%
37 Dámaso I
100%
201 Gregorio XI
100%
52 Hormisdas
100%
230 Inocencio IX
100%
123 León VI
100%
252 León XII
100%
29 Marcelino
100%
74 Martín I
100%
63 Pelagio II
100%
114 Romano
100%
84 Sergio I
100%
12 Sotero
100%
159 Urbano II
100%
25 Dionisio
50%
68 Adeodato I
0%
77 Adeodato II
0%
95 Adriano I
0%
106 Adriano II
0%
109 Adriano III
0%
218 Adriano VI
0%
57 Agapito I
0%
129 Agapito II
0%
79 Agatón
0%
6 Alejandro I
0%
156 Alejandro II
0%
170 Alejandro III
0%
181 Alejandro IV
0%
214 Alejandro VI
0%
237 Alejandro VII
0%
241 Alejandro VIII
0%
3 Anacleto
0%
39 Anastasio I
0%
50 Anastasio II
0%
120 Anastasio III
0%
11 Aniceto
0%
19 Antero
0%
62 Benedicto I
0%
104 Benedicto III
0%
117 Benedicto IV
0%
150 Benedicto IX
0%
147 Benedicto IX
0%
145 Benedicto IX
0%
131 Benedicto V
0%
134 Benedicto VI
0%
135 Benedicto VII
0%
143 Benedicto VIII
0%
194 Benedicto XI
0%
197 Benedicto XII
0%
245 Benedicto XIII
0%
247 Benedicto XIV
0%
258 Benedicto XV
0%
265 Benedicto XVI
0%
42 Bonifacio I
0%
66 Bonifacio III
0%
67 Bonifacio IV
0%
203 Bonifacio IX
0%
69 Bonifacio V
0%
112 Bonifacio VI
0%
193 Bonifacio VIII
0%
16 Calixto I
0%
162 Calixto II
0%
209 Calixto III
0%
28 Cayo
0%
15 Ceferino
0%
43 Celestino I
0%
165 Celestino II
0%
175 Celestino III
0%
179 Celestino IV
0%
192 Celestino V
0%
4 Clemente I
0%
149 Clemente II
0%
174 Clemente III
0%
195 Clemente V
0%
198 Clemente VI
0%
219 Clemente VII
0%
231 Clemente VIII
0%
239 Clemente X
0%
246 Clemente XII
0%
248 Clemente XIII
0%
249 Clemente XIV
0%
83 Conón
0%
88 Constantino
0%
21 Cornelio
0%
151 Dámaso II
0%
81 Benedicto II
0%
263 Juan Pablo I
0%
78 Dono
0%
13 Eleuterio
0%
23 Esteban I
0%
92 Esteban II
0%
94 Esteban III
0%
97 Esteban IV
0%
154 Esteban IX
0%
110 Esteban V
0%
113 Esteban VI
0%
124 Esteban VII
0%
127 Esteban VIII
0%
75 Eugenio I
0%
99 Eugenio II
0%
167 Eugenio III
0%
207 Eugenio IV
0%
31 Eusebio
0%
27 Eutiquiano
0%
5 Evaristo
0%
20 Fabián
0%
26 Félix I
0%
48 Félix III
0%
54 Félix IV
0%
111 Formoso
0%
266 Francisco
0%
49 Gelasio I
0%
161 Gelasio II
0%
64 Gregorio I
0%
89 Gregorio II
0%
90 Gregorio III
0%
101 Gregorio IV
0%
178 Gregorio IX
0%
138 Gregorio V
0%
148 Gregorio VI
0%
157 Gregorio VII
0%
173 Gregorio VIII
0%
184 Gregorio X
0%
205 Gregorio XII
0%
226 Gregorio XIII
0%
229 Gregorio XIV
0%
234 Gregorio XV
0%
254 Gregorio XVI
0%
9 Higinio
0%
46 Hilario
0%
70 Honorio I
0%
163 Honorio II
0%
177 Honorio III
0%
190 Honorio IV
0%
40 Inocencio I
0%
164 Inocencio II
0%
176 Inocencio III
0%
180 Inocencio IV
0%
185 Inocencio V
0%
199 Inocencio VI
0%
204 Inocencio VII
0%
213 Inocencio VIII
0%
236 Inocencio X
0%
240 Inocencio XI
0%
242 Inocencio XII
0%
244 Inocencio XIII
0%
53 Juan I
0%
56 Juan II
0%
61 Juan III
0%
72 Juan IV
0%
116 Juan IX
0%
264 Juan Pablo II
0%
82 Juan V
0%
85 Juan VI
0%
86 Juan VII
0%
107 Juan VIII
0%
122 Juan X
0%
125 Juan XI
0%
130 Juan XII
0%
133 Juan XIII
0%
136 Juan XIV
0%
144 Juan XIX
0%
137 Juan XV
0%
140 Juan XVII
0%
141 Juan XVIII
0%
187 Juan XXI
0%
196 Juan XXII
0%
261 Juan XXIII
0%
35 Julio I
0%
216 Julio II
0%
221 Julio III
0%
121 Landón
0%
45 León I
0%
80 León II
0%
96 León III
0%
103 León IV
0%
152 León IX
0%
118 León V
0%
126 León VII
0%
132 León VIII
0%
217 León X
0%
232 León XI
0%
256 León XIII
0%
267 León XIV
0%
36 Liberio
0%
2 Lino
0%
22 Lucio I
0%
166 Lucio II
0%
171 Lucio III
0%
30 Marcelo I
0%
222 Marcelo II
0%
34 Marcos
0%
108 Marino I
0%
128 Marino II
0%
189 Martín IV
0%
206 Martín V
0%
32 Melquíades
0%
105 Nicolás I
0%
155 Nicolás II
0%
188 Nicolás III
0%
191 Nicolás IV
0%
208 Nicolás V
0%
93 Pablo I
0%
211 Pablo II
0%
220 Pablo III
0%
223 Pablo IV
0%
233 Pablo V
0%
262 Pablo VI
0%
98 Pascual I
0%
160 Pascual II
0%
1 Pedro
0%
60 Pelagio I
0%
10 Pío I
0%
210 Pío II
0%
215 Pío III
0%
224 Pío IV
0%
255 Pío IX
0%
225 Pío V
0%
250 Pío VI
0%
251 Pío VII
0%
253 Pío VIII
0%
257 Pío X
0%
259 Pío XI
0%
260 Pío XII
0%
18 Ponciano
0%
65 Sabiniano
0%
102 Sergio II
0%
119 Sergio III
0%
142 Sergio IV
0%
71 Severino
0%
58 Silverio
0%
33 Silvestre I
0%
139 Silvestre II
0%
146 Silvestre III
0%
51 Símaco
0%
47 Simplicio
0%
38 Siricio
0%
87 Sisinio
0%
7 Sixto I
0%
24 Sixto II
0%
44 Sixto III
0%
212 Sixto IV
0%
227 Sixto V
0%
8 Telesforo
0%
73 Teodoro I
0%
115 Teodoro II
0%
17 Urbano I
0%
172 Urbano III
0%
182 Urbano IV
0%
200 Urbano V
0%
202 Urbano VI
0%
228 Urbano VII
0%
235 Urbano VIII
0%
100 Valentín
0%
14 Víctor I
0%
153 Víctor II
0%
158 Víctor III
0%
59 Vigilio
0%
76 Vitaliano
0%
91 Zacarías
0%
41 Zósimo
0%
No se encontraron pruebas coincidentes
Distribución de puntuación
Porcentaje de gente con cada puntuación
Porcentaje por número respondido
Historial de tus puntuaciones
No has intentado esta prueba.